000 00443nam a2200157Ia 4500
008 240729s9999 xx 000 0 und d
022 _a2765-0235
245 0 _aAnimal Bioscience
260 _aKorea, Republic of
260 _bAsian-Australasian Association of Animal Production Societies
650 _a Zoology
650 _aScience
856 _uhttps://doaj.org/toc/9e35121b7dc145469ae660d74514b439
942 _2ddc
942 _cDOAJEJ
999 _c72143
_d72143
945 _a1
_bMadushi Gamage
_c1
_dMadushi Gamage